Tichyatli Stree (Record no. 364718)

MARC details
000 -LEADER
fixed length control field 004060000a22001570004500
005 - DATE AND TIME OF LATEST TRANSACTION
control field 20120302065417.0
040 ## - CATALOGING SOURCE
Original cataloging agency Mar
100 ## - MAIN ENTRY--PERSONAL NAME
Personal name Subhedar, Shobha Mahendra
245 ## - TITLE STATEMENT
Title Tichyatli Stree
250 ## - EDITION STATEMENT
Edition statement 1st
260 ## - PUBLICATION, DISTRIBUTION, ETC. (IMPRINT)
Place of publication, distribution, etc Thane: Suhasini Prakashan, 2009
300 ## - PHYSICAL DESCRIPTION
Extent 311p
365 ## - TRADE PRICE
Price amount 300/-
650 ## - SUBJECT ADDED ENTRY--TOPICAL TERM
Topical term or geographic name as entry element About Woman rights, Vaicharik, Philosophical, Stree vishesh, woman special
942 ## - ADDED ENTRY ELEMENTS (KOHA)
Koha item type Book
Holdings
Withdrawn status Lost status Damaged status Not for loan Home library Current library Date acquired Total Checkouts Barcode Date last seen Price effective from
        Institute For Oriental Study, Thane Institute For Oriental Study, Thane 12/02/2009   IOS-M 25774 12/02/2009 12/02/2009